[Event "Napoli Vomero Primavera op-A 5th"]
[Site "Napoli"]
[Date "2008.04.03"]
[Round "2"]
[White "Della Ragione, Achille"]
[Black "Iodice, Fabio"]
[Result "1-0"]
[WhiteElo "1996"]
[BlackElo "1975"]
[PlyCount "73"]
[EventDate "2008.03.27"]
[EventType "swiss"]
[EventRounds "7"]
[EventCountry "ITA"]
[SourceTitle "EXT 2011"]
[Source "ChessBase"]
[SourceDate "2010.11.26"]
[SourceVersion "1"]
[SourceVersionDate "2010.11.26"]
[SourceQuality "1"]

1. c4 Nf6 2. Nc3 e6 3. Nf3 b6 4. e3 Bb7 5. Be2 Be7 6. d4 d5 7. 0-0 dxc4 8. Bxc4 0-0 9. a3 a5 10. b3 Nbd7 11. Bb2 c5 12. d5 exd5 13. Nxd5 Nxd5 14. Bxd5 Bxd5 15. Qxd5 Bf6 16. Bxf6 Nxf6 17. Qc6 Rc8 18. Qb5 Qc7 19. Rfd1 Rfd8 20. Kf1 Rxd1+ 21. Rxd1 Rd8 22. Rd3 Rxd3 23. Qxd3 Qd7 24. Ke2 Kf8 25. Qxd7 Nxd7 26. Kd3 Ke7 27. Kc4 f6 28. Kb5 Kd6 29. Nd2 g6 30. Nc4+ Kc7 31. f3 f5 32. e4 fxe4 33. fxe4 Nf6 34. e5 Nd5 35. g3 a4 36. Nd2 axb3 37. Nxb3 1-0

[Event "Campobasso op 14th"]
[Site "Campobasso"]
[Date "2007.07.20"]
[Round "2"]
[White "Iodice, Fabio"]
[Black "De Toma, Francesco"]
[Result "1/2-1/2"]
[WhiteElo "1986"]
[BlackElo "1744"]
[PlyCount "119"]
[EventDate "2007.07.20"]
[EventType "swiss"]
[EventRounds "6"]
[EventCountry "ITA"]
[SourceTitle "EXT 2009"]
[Source "ChessBase"]
[SourceDate "2008.11.26"]
[SourceVersion "1"]
[SourceVersionDate "2008.11.26"]
[SourceQuality "1"]

1. Nf3 c5 2. c4 g6 3. g3 Bg7 4. Bg2 Nc6 5. Nc3 e5 6. d3 h6 7. a3 Nge7 8. Rb1 a5 9. 0-0 0-0 10. Nb5 d5 11. cxd5 Nxd5 12. Bd2 Be6 13. Qc1 Kh7 14. Qxc5 Rc8 15. Na7 Nxa7 16. Qxa7 b6 17. Rfc1 Qd6 18. Qb7 Ne7 19. Qa6 Ra8 20. Qb5 Rac8 21. Ne1 Nf5 22. e3 Qb8 23. Qa4 Rfd8 24. Qd1 Bf8 25. Rxc8 Rxc8 26. Rc1 Ng7 27. Rxc8 Qxc8 28. Qc2 Qxc2 29. Nxc2 Bb3 30. Ne1 Ne6 31. Bc3 Bd6 32. d4 exd4 33. exd4 Nc7 34. Bc6 Nd5 35. Bxd5 Bxd5 36. f4 f6 37. Kf2 Kg7 38. Ke3 Kf7 39. Nf3 Ke6 40. Nd2 Kf5 41. Nf3 Kg4 42. Ng1 h5 43. Be1 g5 44. fxg5 fxg5 45. Bf2 Bf8 46. Be1 Bg7 47. Bf2 Bh6 48. Be1 Kf5 49. Bf2 g4+ 50. Kd3 Bc1 51. Kc2 Bg5 52. Kd3 b5 53. Be3 Bc4+ 54. Kd2 Bf6 55. Ne2 Bxe2 56. Kxe2 Ke4 57. Bd2 a4 58. Bc3 Bxd4 59. Bxd4 Kxd4 60. Kd2 1/2-1/2

[Event "Campobasso op 14th"]
[Site "Campobasso"]
[Date "2007.07.20"]
[Round "1"]
[White "Ljubisavljevic, Zivojin Z"]
[Black "Iodice, Fabio"]
[Result "1-0"]
[WhiteElo "2296"]
[BlackElo "1986"]
[PlyCount "49"]
[EventDate "2007.07.20"]
[EventType "swiss"]
[EventRounds "6"]
[EventCountry "ITA"]
[SourceTitle "EXT 2009"]
[Source "ChessBase"]
[SourceDate "2008.11.26"]
[SourceVersion "1"]
[SourceVersionDate "2008.11.26"]
[SourceQuality "1"]

1. e4 c6 2. d4 d5 3. Nc3 dxe4 4. Nxe4 Bf5 5. Ng3 Bg6 6. f4 e6 7. Nf3 Bd6 8. Bd3 Bxd3 9. Qxd3 Nf6 10. 0-0 0-0 11. Ng5 g6 12. Bd2 c5 13. Kh1 cxd4 14. Qxd4 Nc6 15. Qf2 Qc7 16. c4 Rfd8 17. Bc3 Be7 18. N3e4 Nxe4 19. Nxe4 Nb8 20. Nf6+ Bxf6 21. Bxf6 Rd3 22. Rad1 Rxd1 23. Rxd1 Nd7 24. Bc3 Nc5 25. Qd4 1-0

[Event "Campobasso op 12th"]
[Site "Campobasso"]
[Date "2005.07.10"]
[Round "6"]
[White "Colucci, Stefano"]
[Black "Iodice, Fabio"]
[Result "1-0"]
[WhiteElo "1856"]
[BlackElo "1802"]
[PlyCount "63"]
[EventDate "2005.07.08"]
[EventType "swiss"]
[EventRounds "6"]
[EventCountry "ITA"]
[SourceTitle "EXT 2007"]
[Source "ChessBase"]
[SourceDate "2006.11.23"]
[SourceVersion "1"]
[SourceVersionDate "2006.11.23"]
[SourceQuality "1"]

1. d4 d5 2. Nf3 Nf6 3. c4 e6 4. Nc3 Be7 5. Bg5 0-0 6. e3 Nbd7 7. Bd3 c6 8. 0-0 dxc4 9. Bxc4 Nd5 10. Bxe7 Qxe7 11. Ne4 N5f6 12. Ng3 Rd8 13. Qe2 b6 14. Rfd1 Bb7 15. e4 c5 16. Rac1 cxd4 17. Nxd4 Rac8 18. e5 Nd5 19. Qe1 a6 20. a3 Nf4 21. Bf1 Rxc1 22. Rxc1 Nc5 23. Qe3 Rxd4 24. Qxd4 Qg5 25. b4 Nd7 26. Qc3 h5 27. Re1 h4 28. Ne4 Bxe4 29. Rxe4 Nxe5 30. Rxe5 Nh3+ 31. Qxh3 Qxe5 32. Qxh4 1-0

[Event "Campobasso op 12th"]
[Site "Campobasso"]
[Date "2005.07.09"]
[Round "4"]
[White "Cappai, Davide"]
[Black "Iodice, Fabio"]
[Result "1/2-1/2"]
[WhiteElo "2115"]
[BlackElo "1802"]
[PlyCount "78"]
[EventDate "2005.07.08"]
[EventType "swiss"]
[EventRounds "6"]
[EventCountry "ITA"]
[SourceTitle "EXT 2007"]
[Source "ChessBase"]
[SourceDate "2006.11.23"]
[SourceVersion "1"]
[SourceVersionDate "2006.11.23"]
[SourceQuality "1"]

1. e4 e5 2. Nf3 Nf6 3. Bc4 Nxe4 4. Nc3 Nd6 5. Bb3 Nc6 6. 0-0 Be7 7. Re1 0-0 8. Nxe5 Nxe5 9. Rxe5 Bf6 10. Re1 b6 11. d4 Bb7 12. Nd5 Bxd5 13. Bxd5 c6 14. Bf3 Bg5 15. Qd3 Bxc1 16. Raxc1 Qf6 17. c3 Rae8 18. Bg4 Qd8 19. Kf1 Rxe1+ 20. Rxe1 Re8 21. Rxe8+ Nxe8 22. d5 cxd5 23. Qxd5 Nf6 24. Qd4 Nxg4 25. Qxg4 Qc8 26. Qe4 g6 27. Ke1 Qc6 28. Qxc6 dxc6 29. Ke2 f5 30. Ke3 Kf7 31. Kd4 Ke6 32. b4 Kd6 33. f4 Ke6 34. h3 Kd6 35. a3 Ke6 36. c4 h6 37. g3 a6 38. Kc3 Kd6 39. Kd3 c5 1/2-1/2